Begins and Ends: Broadway Musicals Quiz Stats

Quiz Updated Aug 31, 2013

Challenge
Share
Tweet
Embed
Score 0/20 Timer 04:00
7 Plays Today
Begins and Ends Musical % Correct
M _ _ _ A   M _ A!Mamma Mia!
97.6%
F _ _ _ _ _ R   O N   T _ E   R _ _ FFiddler on the Roof
94.4%
L _ S   M _ _ _ _ _ _ _ _ SLes Miserables
93.7%
T _ E   K _ _ G   A _ D   IThe King and I
93.3%
R _ _ TRent
91.4%
T _ E   B _ _ K   O F   M _ _ _ _ NThe Book of Mormon
89.4%
W _ _ _ _ DWicked
89.3%
C _ _ SCats
83.5%
A _ _ _ _ E   QAvenue Q
77.7%
M _ N   O F   L A   M _ _ _ _ AMan of La Mancha
76.2%
Begins and Ends Musical % Correct
X _ _ _ _ UXanadu
75.3%
M _ _ Y   P _ _ _ _ _ SMary Poppins
75.3%
4 _ _ D   S _ _ _ _ T42nd Street
66.8%
E _ _ _ AEvita
60.7%
J _ _ _ _ Y   B _ _ SJersey Boys
60.1%
W _ _ T   S _ _ E   S _ _ _ YWest Side Story
59.1%
S _ _ _ H   P _ _ _ _ _ CSouth Pacific
50.2%
A   C _ _ _ _ S   L _ _ EA Chorus Line
42.3%
H _ _ _ _ _ _ _ YHairspray
26.9%
L _ _ _ _ _ Y   B _ _ _ _ ELegally Blonde
19.7%

You're not logged in!

Compare scores with friends on all Sporcle quizzes.
Sign Up with Email
OR
Log In

You Might Also Like...

Show Comments

Extras

Top Quizzes Today


Score Distribution

Your Account Isn't Verified!

In order to create a playlist on Sporcle, you need to verify the email address you used during registration. Go to your Sporcle Settings to finish the process.